Schaum's outlines of partial differential equations (Record no. 129716)

MARC details
000 -LEADER
fixed length control field 00385nam a2200145Ia 4500
008 - FIXED-LENGTH DATA ELEMENTS--GENERAL INFORMATION
fixed length control field 230917s9999||||xx |||||||||||||| ||und||
040 ## - CATALOGING SOURCE
-- 109396
Original cataloging agency VIVEKANANDA LIBRARY
041 ## - Language
-- English
082 ## - DDC NUMBER
Classification number 515.353 D856S
100 ## - MAIN ENTRY--PERSONAL NAME
Personal name DuChateau, Paul
245 #0 - TITLE STATEMENT
Title Schaum's outlines of partial differential equations
260 ## - PUBLICATION, DISTRIBUTION, ETC. (IMPRINT)
Place of publication, distribution, etc New Delhi
Name of publisher, distributor, etc Tata McGraw-Hill
Date of publication, distribution, etc 2005
300 ## - PHYSICAL DESCRIPTION
Pages 241 p.
942 ## - ADDED ENTRY ELEMENTS (KOHA)
Koha item type Books
Holdings
Withdrawn status Lost status Damaged status Not for loan Location (home branch) Sublocation or collection (holding branch) Shelving location Date acquired Koha issues (times borrowed) Koha full call number Accession No. Koha date last seen Koha item type
        VIVEKANANDA LIBRARY VIVEKANANDA LIBRARY UIET Library 04/01/2007   515.353 D856S 227277 17/09/2023 Books
        VIVEKANANDA LIBRARY VIVEKANANDA LIBRARY   04/01/2007 1 515.353 D856S 227278 01/03/2025 Books
        VIVEKANANDA LIBRARY VIVEKANANDA LIBRARY UIET Library 04/01/2007   515.353 D856S 227279 17/09/2023 Books
        VIVEKANANDA LIBRARY VIVEKANANDA LIBRARY UIET Library 04/01/2007   515.353 D856S 227280 17/09/2023 Books
        VIVEKANANDA LIBRARY VIVEKANANDA LIBRARY   04/01/2007   515.353 D856S 227281 17/09/2023 Books
        VIVEKANANDA LIBRARY VIVEKANANDA LIBRARY UIET Library 04/01/2007   515.353 D856S 227282 17/09/2023 Books
        VIVEKANANDA LIBRARY VIVEKANANDA LIBRARY UIET Library 04/01/2007   515.353 D856S 227283 17/09/2023 Books
        VIVEKANANDA LIBRARY VIVEKANANDA LIBRARY UIET Library 04/01/2007   515.353 D856S 227284 17/09/2023 Books
        VIVEKANANDA LIBRARY VIVEKANANDA LIBRARY UIET Library 04/01/2007   515.353 D856S 227285 17/09/2023 Books
        VIVEKANANDA LIBRARY VIVEKANANDA LIBRARY UIET Library 04/01/2007   515.353 D856S 227286 17/09/2023 Books
        VIVEKANANDA LIBRARY VIVEKANANDA LIBRARY   04/01/2007   515.353 D856S 236610 17/09/2023 Books
        VIVEKANANDA LIBRARY VIVEKANANDA LIBRARY   04/01/2007   515.353 D856S 236611 17/09/2023 Books
        VIVEKANANDA LIBRARY VIVEKANANDA LIBRARY   04/01/2007   515.353 D856S 236612 17/09/2023 Books
© Designed and Maintained by Vivekananda Library, MDU Rohtak